00933nam a22003017a 4500001000700000003000900007005001700016007000700033008003500040020001500075040002200090092001500112100001800127240001600145245009900161260003600260300002500296490003300321700002300354700002800377830003300405910001000438942001200448945002800460952010400488956002400592999001500616000207DO-SdBNP20180307114834.0000207151210b 1984 sp a 00| 0 spa d a8426705359 aBPMSUbspacBPMSU axxxxbxxxx1 aWinch, Brenda10aFirst aid /10aPrimeros auxilios /cBrenda Winch ; traducción Juan Godo Costa ; ilustraciones Paul Wrigley  aBarcelona ; bMarcombo, c1984. a32 p.;bil.c30 cm. 1 aBiblioteca técnica juvenil12aWrigley, Pauleil.12aGodo Costa, Juanetrad. 0aBiblioteca técnica juvenil a00144 2ddccBK ainventariado, 2018 / dg 00102ddc4070aBPMETbBPMETd2016-03-28eDonaciónl0pBPMSU16030292r2016-03-28w2016-03-28yBK aYngrid Lockwardb10 c9408d9408